| 000 | 01246nam a22003617a 4500 | ||
|---|---|---|---|
| 003 | OSt | ||
| 005 | 20230816134416.0 | ||
| 008 | 221006b |||||||| |||| 00| 0 eng d | ||
| 040 | _cBiblioteca Lado V | ||
| 082 |
_a868.992.3 _bB214c |
||
| 100 |
_9943 _aBandara, Samuel B. _eeditor |
||
| 245 |
_aCRB/ _bThe Caribbean Review of Books/ |
||
| 260 |
_bMedia and Editorial Projects Ltd. _c2006 _aEspaña _aTrinidad y Tobago |
||
| 300 |
_c21x25.5cm _a38p. |
||
| 490 |
_a9 _v2006 |
||
| 505 | _tReviews | ||
| 505 | _tSomething to declare | ||
| 505 | _tThings only poems say | ||
| 505 | _tMore than hot air | ||
| 505 | _tAges of Innocence | ||
| 505 | _tShakespeare and co. | ||
| 505 | _tUnforgettable fire | ||
| 505 | _tYou can´t go home again | ||
| 505 |
_tDon´t stop the Carnival _aIn brief Also noted Etc. |
||
| 505 | _tMarginalia | ||
| 505 |
_tGrime is not always grime _aNotebook |
||
| 650 |
_2Tesauro de Arte & Arquitectura _aARTE _9703 |
||
| 650 |
_2Tesauro de Arte & Arquitectura _aLITERATURA CARIBEÑA |
||
| 650 |
_2Tesauro de Arte & Arquitectura _aCULTURA |
||
| 650 |
_2Tesauro de Arte & Arquitectura _aCOLECCION |
||
| 710 |
_aZero-Six Editions _eeditor |
||
| 942 |
_2ddc _c1 _h868.992.3 _iB214c _n0 |
||
| 999 |
_c4133 _d4133 |
||